Statistics for West Germanic Languages

Click here to take the quiz!

General Stats

  • This quiz has been taken 38 times
  • The average score is 9 of 17

Answer Stats

Answer% Correct
Dutch
97%
English
94%
German
94%
Luxembourgish
76%
Scots
74%
Afrikaans
62%
West Frisian
59%
East Frisian
56%
Low German
56%
North Frisian
50%
Yiddish
32%
Alemannic
29%
Swabian
29%
Franconian
21%
Ripuarian
21%
Thuringian
18%
Limburgian
12%

Score Distribution

Percentile by Number Answered

Percent of People with Each Score

Your Score History

You have not taken this quiz